00678 a2200193 4500999001500000010001400015020002300029035001300052037001500065082001000080100002100090245005400111260003900165270005500204300003500259500005000294942002900344952011100373 c4766d4766 aENG-86563 a8170354420c750.00 aEN-70096 bDBAD / PUB a634.9 aChaudhuri, A. B. aForests, environment and man /cby A.B. Chaudhuri aDelhibDaya Publishing Housec2007 a1123/74, Deva Ram Park, Tri Nagar,bDelhie110 035 axii, 303pc21cm. (Hb)bPhotos aIncludes bibliographical references and index adplcEN2ddch634.9mCHA 001040718NFICaDBADbDBADeDBAD/PUBg750.00l0o634.9 CHApEN-70096r2008-09-15 00:00:00t1v750.00yEN